[Event "escc2023_50"]
[Site "?"]
[Date "2023.05.31"]
[Round "6.1"]
[White "Dubois, Martine"]
[Black "Birkholz, Olga"]
[Result "1/2-1/2"]
[BlackElo "2005"]
[WhiteElo "1753"]
[LiveChessVersion "1.4.8"]

1. e4 {[%clk 1:30:59]} c5 {[%clk 1:30:56]} 2. Nf3 {[%clk 1:31:09]} Nc6
{[%clk 1:29:01]} 3. c3 {[%clk 1:31:30]} Nf6 {[%clk 1:28:50]} 4. e5
{[%clk 1:31:50]} Nd5 {[%clk 1:29:19]} 5. d4 {[%clk 1:32:00]} cxd4
{[%clk 1:27:22]} 6. cxd4 {[%clk 1:30:41]} d6 {[%clk 1:27:00]} 7. Bc4
{[%clk 1:22:18]} dxe5 {[%clk 1:22:12]} 8. Bxd5 {[%clk 1:18:13]} Qxd5
{[%clk 1:22:40]} 9. Nc3 {[%clk 1:18:35]} Qd6 {[%clk 1:19:55]} 10. d5
{[%clk 1:14:25]} Nd4 {[%clk 0:49:44]} 11. Nxd4 {[%clk 1:12:52]} exd4
{[%clk 0:50:13]} 12. Qxd4 {[%clk 1:12:45]} e5 {[%clk 0:50:42]} 13. Qd1
{[%clk 1:07:37]} f5 {[%clk 0:50:46]} 14. O-O {[%clk 1:06:45]} a6 {[%clk 0:50:14]}
15. Re1 {[%clk 1:03:02]} Be7 {[%clk 0:43:56]} 16. Qh5+ {[%clk 0:59:33]} g6
{[%clk 0:40:19]} 17. Qe2 {[%clk 0:49:34]} O-O {[%clk 0:29:21]} 18. Qxe5
{[%clk 0:48:09]} Qxe5 {[%clk 0:29:46]} 19. Rxe5 {[%clk 0:48:32]} Bf6
{[%clk 0:30:15]} 20. Re2 {[%clk 0:42:06]} Rd8 {[%clk 0:30:21]} 21. Bh6
{[%clk 0:39:53]} b5 {[%clk 0:25:36]} 22. d6 {[%clk 0:34:31]} Kf7 {[%clk 0:24:42]}
23. Bf4 {[%clk 0:31:12]} g5 {[%clk 0:21:52]} 24. Be5 {[%clk 0:31:02]} Bxe5
{[%clk 0:14:34]} 25. Rxe5 {[%clk 0:31:30]} Rxd6 {[%clk 0:15:04]} 26. Rae1
{[%clk 0:25:35]} Ra7 {[%clk 0:13:55]} 27. g4 {[%clk 0:23:45]} b4 {[%clk 0:09:15]}
28. Nd5 {[%clk 0:22:10]} Be6 {[%clk 0:09:02]} 29. Nxb4 {[%clk 0:21:23]} fxg4
{[%clk 0:09:27]} 30. Rxg5 {[%clk 0:15:52]} a5 {[%clk 0:07:03]} 31. Nc2
{[%clk 0:15:48]} h6 {[%clk 0:07:06]} 32. Rb5 {[%clk 0:12:50]} Bxa2
{[%clk 0:07:11]} 33. Ne3 {[%clk 0:10:00]} Be6 {[%clk 0:05:42]} 34. Ra1
{[%clk 0:08:15]} Rd2 {[%clk 0:04:57]} 35. Ra4 {[%clk 0:05:26]} Bd7
{[%clk 0:02:58]} 36. Rf4+ {[%clk 0:05:10]} Kg7 {[%clk 0:03:11]} 37. Re5
{[%clk 0:03:55]} Rxb2 {[%clk 0:01:47]} 38. Nxg4 {[%clk 0:01:14]} Bxg4
{[%clk 0:01:22]} 39. Rxg4+ {[%clk 0:01:41]} Kf6 {[%clk 0:01:49]} 40. Rh5
{[%clk 0:01:30]} Rg7 {[%clk 0:01:29]} 41. Rxg7 {[%clk 0:27:39]} Kxg7
{[%clk 0:31:56]} 42. Rxa5 {[%clk 0:28:00]} Kg6 {[%clk 0:31:32]} 43. Kg2
{[%clk 0:28:05]} Rb3 {[%clk 0:31:18]} 44. f3 {[%clk 0:28:05]} Rc3
{[%clk 0:31:10]} 45. h4 {[%clk 0:27:21]} Rc6 {[%clk 0:31:06]} 46. h5+
{[%clk 0:26:12]} Kf6 {[%clk 0:29:03]} 47. Kg3 {[%clk 0:26:01]} Rc1
{[%clk 0:26:46]} 48. Kg4 {[%clk 0:24:55]} Rh1 {[%clk 0:19:12]} 49. Ra6+
{[%clk 0:19:33]} Kg7 {[%clk 0:19:29]} 50. f4 {[%clk 0:19:18]} Rb1
{[%clk 0:18:27]} 51. Rg6+ {[%clk 0:18:51]} Kh7 {[%clk 0:18:53]} 52. Re6
{[%clk 0:18:50]} Rh1 {[%clk 0:13:46]} 53. Re7+ {[%clk 0:18:36]} Kg8
{[%clk 0:14:15]} 54. Ra7 {[%clk 0:14:55]} Rb1 {[%clk 0:14:17]} 55. Re7
{[%clk 0:13:39]} Rh1 {[%clk 0:13:11]} 56. Re3 {[%clk 0:12:41]} Kf7
{[%clk 0:09:47]} 57. Re5 {[%clk 0:11:27]} Rb1 {[%clk 0:09:22]} 58. Kf5
{[%clk 0:11:22]} Rh1 {[%clk 0:08:56]} 59. Kg4 {[%clk 0:09:57]} Rb1
{[%clk 0:09:23]} 60. Rf5+ {[%clk 0:09:56]} Kg7 {[%clk 0:09:35]} 61. Kf3
{[%clk 0:09:46]} Rb3+ {[%clk 0:09:00]} 62. Ke4 {[%clk 0:08:37]} Rb4+
{[%clk 0:09:21]} 63. Kd3 {[%clk 0:08:29]} Ra4 {[%clk 0:09:33]} 64. Ke3
{[%clk 0:07:55]} Ra3+ {[%clk 0:09:38]} 65. Kf2 {[%clk 0:08:13]} Rb3
{[%clk 0:06:14]} 66. Ra5 {[%clk 0:06:53]} Kf6 {[%clk 0:05:24]} 1/2-1/2

[Event "escc2023_50"]
[Site "?"]
[Date "2023.05.31"]
[Round "6.2"]
[White "Sirletti, Sonia"]
[Black "Novak, Simona"]
[Result "1/2-1/2"]
[BlackElo "1622"]
[WhiteElo "1825"]
[LiveChessVersion "1.4.8"]

1. d4 {[%clk 1:30:56]} d5 {[%clk 1:30:57]} 2. Nf3 {[%clk 1:31:17]} Nf6
{[%clk 1:31:23]} 3. c4 {[%clk 1:31:38]} e6 {[%clk 1:31:49]} 4. e3
{[%clk 1:31:58]} c6 {[%clk 1:31:14]} 5. Nbd2 {[%clk 1:32:16]} Nbd7
{[%clk 1:31:07]} 6. b3 {[%clk 1:32:31]} Bd6 {[%clk 1:30:22]} 7. Bb2
{[%clk 1:32:50]} O-O {[%clk 1:30:21]} 8. Bd3 {[%clk 1:33:02]} b6 {[%clk 1:28:38]}
9. O-O {[%clk 1:33:08]} Bb7 {[%clk 1:27:09]} 10. Qe2 {[%clk 1:29:38]} Qe7
{[%clk 1:21:23]} 11. a3 {[%clk 1:27:40]} c5 {[%clk 1:20:41]} 12. cxd5
{[%clk 1:27:03]} Nxd5 {[%clk 1:18:21]} 13. Ne4 {[%clk 1:25:53]} cxd4
{[%clk 1:09:51]} 14. Nxd6 {[%clk 1:21:03]} Qxd6 {[%clk 1:10:19]} 15. Nxd4
{[%clk 1:18:37]} Nc5 {[%clk 1:09:26]} 16. Bc4 {[%clk 1:11:10]} Rfd8
{[%clk 0:53:37]} 17. Rfd1 {[%clk 1:01:55]} Qe7 {[%clk 0:51:36]} 18. a4
{[%clk 0:52:01]} Qg5 {[%clk 0:50:00]} 19. Nf3 {[%clk 0:51:17]} Qe7
{[%clk 0:45:56]} 20. Rd4 {[%clk 0:44:48]} Nf6 {[%clk 0:44:58]} 21. Rad1
{[%clk 0:39:23]} Rxd4 {[%clk 0:44:40]} 22. Rxd4 {[%clk 0:38:38]} Rd8
{[%clk 0:44:18]} 23. Qd1 {[%clk 0:36:40]} Rxd4 {[%clk 0:39:40]} 24. Qxd4
{[%clk 0:36:08]} Ncd7 {[%clk 0:35:11]} 25. Ne5 {[%clk 0:31:44]} h6
{[%clk 0:35:01]} 26. h3 {[%clk 0:28:14]} Qc5 {[%clk 0:25:38]} 27. Nxd7
{[%clk 0:18:02]} Qxd4 {[%clk 0:26:02]} 28. Nxf6+ {[%clk 0:17:10]} Qxf6
{[%clk 0:26:15]} 29. Bxf6 {[%clk 0:17:34]} gxf6 {[%clk 0:26:41]} 30. h4
{[%clk 0:16:58]} f5 {[%clk 0:24:38]} 31. g3 {[%clk 0:17:08]} Kg7 {[%clk 0:23:47]}
32. Kf1 {[%clk 0:17:02]} Kf6 {[%clk 0:24:16]} 33. Ke2 {[%clk 0:17:04]} Ke5
{[%clk 0:20:57]} 34. Kd3 {[%clk 0:16:15]} Bg2 {[%clk 0:17:42]} 35. f4+
{[%clk 0:14:48]} Kd6 {[%clk 0:17:38]} 36. Kd4 {[%clk 0:14:28]} f6
{[%clk 0:11:29]} 37. Bd3 {[%clk 0:13:04]} Bc6 {[%clk 0:11:01]} 38. Bc2
{[%clk 0:11:27]} Bf3 {[%clk 0:09:31]} 39. Bd3 {[%clk 0:03:49]} Bd1
{[%clk 0:08:01]} 40. Kc4 {[%clk 0:02:48]} Bf3 {[%clk 0:05:15]} 41. b4
{[%clk 0:01:18]} Bd5+ {[%clk 0:03:58]} 42. Kb5 {[%clk 0:24:43]} Bb7
{[%clk 0:33:55]} 43. a5 {[%clk 0:23:15]} bxa5 {[%clk 0:34:02]} 44. Kxa5
{[%clk 0:15:35]} Kd5 {[%clk 0:31:45]} 45. Kb5 {[%clk 0:14:42]} Kd6
{[%clk 0:32:11]} 46. Bc4 {[%clk 0:12:06]} Bc8 {[%clk 0:31:24]} 47. Ka5 1/2-1/2

[Event "escc2023_50"]
[Site "?"]
[Date "2023.05.31"]
[Round "6.3"]
[White "Ni, Polina"]
[Black "Urbanc, Suzana"]
[Result "1-0"]
[BlackElo "1655"]
[WhiteElo "1892"]
[LiveChessVersion "1.4.8"]

1. e4 {[%clk 1:30:56]} Nf6 {[%clk 1:30:53]} 2. e5 {[%clk 1:31:21]} Nd5
{[%clk 1:31:17]} 3. c4 {[%clk 1:31:31]} Nb6 {[%clk 1:31:44]} 4. c5
{[%clk 1:31:48]} Nd5 {[%clk 1:32:05]} 5. Bc4 {[%clk 1:32:15]} e6 {[%clk 1:32:23]}
6. Nc3 {[%clk 1:31:33]} Nxc3 {[%clk 1:32:32]} 7. bxc3 {[%clk 1:32:01]} Bxc5
{[%clk 1:32:25]} 8. d4 {[%clk 1:32:27]} Qh4 {[%clk 1:28:15]} 9. Qe2
{[%clk 1:25:19]} Bxd4 {[%clk 1:15:38]} 10. cxd4 {[%clk 1:23:44]} Qxd4
{[%clk 1:16:06]} 11. Bb2 {[%clk 1:22:15]} Qc5 {[%clk 1:12:47]} 12. Rc1
{[%clk 1:18:21]} Qe7 {[%clk 1:05:09]} 13. Qg4 {[%clk 1:06:46]} g6
{[%clk 0:51:02]} 14. Nf3 {[%clk 1:02:14]} Nc6 {[%clk 0:42:28]} 15. O-O
{[%clk 0:58:01]} b6 {[%clk 0:38:23]} 16. Bb5 {[%clk 0:55:30]} a6 {[%clk 0:38:36]}
17. Bxc6 {[%clk 0:51:20]} dxc6 {[%clk 0:39:04]} 18. Rxc6 {[%clk 0:51:05]} Bb7
{[%clk 0:39:32]} 19. Rc3 {[%clk 0:48:17]} h5 {[%clk 0:16:57]} 20. Qf4
{[%clk 0:41:02]} Bd5 {[%clk 0:15:46]} 21. a4 {[%clk 0:36:36]} c5 {[%clk 0:12:51]}
22. Ba3 {[%clk 0:34:57]} Rc8 {[%clk 0:07:12]} 23. Rfc1 {[%clk 0:33:12]} Qd7
{[%clk 0:06:44]} 24. a5 {[%clk 0:29:48]} 1-0

[Event "escc2023_50"]
[Site "?"]
[Date "2023.05.31"]
[Round "6.4"]
[White "Makropoulou, Marina"]
[Black "Baglay, Kseniya"]
[Result "1-0"]
[BlackElo "1712"]
[WhiteElo "2081"]
[LiveChessVersion "1.4.8"]

1. e4 {[%clk 1:30:57]} e5 {[%clk 1:30:55]} 2. Nf3 {[%clk 1:31:12]} Nf6
{[%clk 1:31:20]} 3. Nxe5 {[%clk 1:28:44]} d6 {[%clk 1:31:45]} 4. Nf3
{[%clk 1:29:10]} Nxe4 {[%clk 1:32:10]} 5. c4 {[%clk 1:28:42]} Be7
{[%clk 1:29:32]} 6. d4 {[%clk 1:26:28]} c6 {[%clk 1:26:44]} 7. Bd3
{[%clk 1:25:55]} Qa5+ {[%clk 1:19:56]} 8. Nbd2 {[%clk 1:24:55]} Bf5
{[%clk 1:17:03]} 9. O-O {[%clk 1:21:32]} Nxf2 {[%clk 1:10:41]} 10. Rxf2
{[%clk 1:21:54]} Bxd3 {[%clk 1:10:40]} 11. Nb3 {[%clk 1:22:14]} Qf5
{[%clk 1:09:12]} 12. Ne1 {[%clk 1:21:50]} O-O {[%clk 1:07:12]} 13. Rxf5
{[%clk 1:16:20]} Bxf5 {[%clk 1:07:40]} 14. Nf3 {[%clk 1:16:17]} b6
{[%clk 1:00:38]} 15. Bf4 {[%clk 1:16:03]} Nd7 {[%clk 1:00:48]} 16. h3
{[%clk 1:12:23]} h6 {[%clk 1:01:08]} 17. Qd2 {[%clk 1:11:31]} Nf6
{[%clk 0:59:46]} 18. Re1 {[%clk 1:09:06]} Rfe8 {[%clk 0:58:04]} 19. Qc1
{[%clk 1:08:28]} Bf8 {[%clk 0:56:49]} 20. Nbd2 {[%clk 1:04:03]} g5
{[%clk 0:56:09]} 21. Bg3 {[%clk 0:58:19]} Bg6 {[%clk 0:54:09]} 22. b4
{[%clk 0:56:41]} Nh5 {[%clk 0:54:01]} 23. Bh2 {[%clk 0:56:31]} f5
{[%clk 0:53:55]} 24. c5 {[%clk 0:50:29]} Rxe1+ {[%clk 0:52:47]} 25. Nxe1
{[%clk 0:47:57]} bxc5 {[%clk 0:51:47]} 26. bxc5 {[%clk 0:47:52]} dxc5
{[%clk 0:51:43]} 27. Be5 {[%clk 0:47:56]} Re8 {[%clk 0:49:46]} 28. Nd3
{[%clk 0:45:52]} cxd4 {[%clk 0:45:42]} 29. Qxc6 {[%clk 0:46:02]} Bf7
{[%clk 0:46:05]} 30. Nf3 {[%clk 0:36:59]} f4 {[%clk 0:42:17]} 31. Nxd4
{[%clk 0:34:41]} Kh7 {[%clk 0:40:04]} 32. Nf5 {[%clk 0:27:18]} Bg6
{[%clk 0:28:59]} 33. Qd7+ {[%clk 0:21:54]} Kg8 {[%clk 0:28:55]} 34. a4
{[%clk 0:21:23]} a5 {[%clk 0:25:15]} 35. Kh2 {[%clk 0:21:14]} Bf7
{[%clk 0:23:39]} 36. Bd6 {[%clk 0:11:34]} Re2 {[%clk 0:10:20]} 37. Bxf8
{[%clk 0:07:02]} Kxf8 {[%clk 0:06:46]} 38. Nxh6 {[%clk 0:06:34]} Bg6
{[%clk 0:04:18]} 39. Qd6+ {[%clk 0:03:00]} Kg7 {[%clk 0:04:25]} 40. Qd4+
{[%clk 0:00:39]} Kxh6 {[%clk 0:02:44]} 41. Qh8+ {[%clk 0:01:03]} Bh7
{[%clk 0:03:05]} 42. Ne5 {[%clk 0:01:09]} Ng7 {[%clk 0:30:04]} 43. Nf7+
{[%clk 0:27:20]} Kg6 {[%clk 0:30:06]} 44. Nxg5 {[%clk 0:27:25]} Kxg5
{[%clk 0:29:59]} 45. Qxh7 {[%clk 0:20:51]} Nf5 {[%clk 0:29:58]} 46. Qg8+
{[%clk 0:20:42]} Kf6 {[%clk 0:29:23]} 47. Qd8+ {[%clk 0:19:53]} Ne7
{[%clk 0:15:54]} 48. Qxa5 {[%clk 0:19:59]} Re6 {[%clk 0:14:49]} 49. Qc3+
{[%clk 0:18:39]} Kf5 {[%clk 0:14:41]} 50. Qd3+ {[%clk 0:18:03]} Kf6
{[%clk 0:13:22]} 51. a5 {[%clk 0:18:01]} Nc6 {[%clk 0:09:35]} 52. a6
{[%clk 0:17:16]} Re7 {[%clk 0:07:12]} 53. Qd6+ {[%clk 0:17:28]} Re6
{[%clk 0:07:25]} 54. Qxf4+ {[%clk 0:17:45]} 1-0

[Event "escc2023_50"]
[Site "?"]
[Date "2023.05.31"]
[Round "6.5"]
[White "Sturua, Zurab"]
[Black "Bellia, Fabrizio"]
[Result "1/2-1/2"]
[BlackElo "2393"]
[WhiteElo "2518"]
[LiveChessVersion "1.4.8"]

1. e4 {[%clk 1:30:48]} e5 {[%clk 1:30:47]} 2. Nf3 {[%clk 1:31:05]} Nc6
{[%clk 1:31:07]} 3. Bc4 {[%clk 1:30:49]} Bc5 {[%clk 1:31:20]} 4. c3
{[%clk 1:30:35]} Nf6 {[%clk 1:31:42]} 5. d4 {[%clk 1:30:25]} exd4
{[%clk 1:32:01]} 6. e5 {[%clk 1:30:19]} d5 {[%clk 1:32:21]} 7. Be2
{[%clk 1:30:35]} Ne4 {[%clk 1:31:49]} 8. cxd4 {[%clk 1:30:49]} Bb6
{[%clk 1:30:42]} 9. Nc3 {[%clk 1:30:52]} O-O {[%clk 1:30:03]} 10. O-O
{[%clk 1:29:33]} Bg4 {[%clk 1:27:54]} 11. Be3 {[%clk 1:29:54]} f6
{[%clk 1:21:01]} 12. exf6 {[%clk 1:24:54]} Nxf6 {[%clk 1:20:18]} 13. h3
{[%clk 1:20:46]} Bxf3 {[%clk 1:16:18]} 14. Bxf3 {[%clk 1:21:00]} Qd6
{[%clk 1:13:22]} 15. Rc1 {[%clk 1:03:04]} Rae8 {[%clk 1:10:42]} 16. Qd3
{[%clk 0:55:09]} Nb4 {[%clk 0:59:07]} 17. Qd2 {[%clk 0:51:18]} Nc6
{[%clk 0:54:36]} 18. Rfe1 {[%clk 0:47:26]} Qd7 {[%clk 0:47:58]} 19. a3
{[%clk 0:38:03]} Na5 {[%clk 0:46:25]} 20. Qd3 {[%clk 0:34:46]} c6
{[%clk 0:45:40]} 21. Na4 {[%clk 0:28:36]} Nc4 {[%clk 0:42:37]} 22. Bf4
{[%clk 0:27:25]} Rxe1+ {[%clk 0:36:34]} 23. Rxe1 {[%clk 0:27:50]} Re8
{[%clk 0:37:00]} 24. Rxe8+ {[%clk 0:25:36]} Qxe8 {[%clk 0:37:16]} 25. g4
{[%clk 0:22:03]} Qe1+ {[%clk 0:34:30]} 26. Kg2 {[%clk 0:21:32]} Ne4
{[%clk 0:34:00]} 27. Bxe4 {[%clk 0:18:56]} Qxe4+ {[%clk 0:34:24]} 28. Qxe4
{[%clk 0:19:19]} dxe4 {[%clk 0:34:50]} 29. Be3 {[%clk 0:18:32]} Bc7
{[%clk 0:26:22]} 30. Bc1 {[%clk 0:16:46]} Bb6 {[%clk 0:20:59]} 31. Nc5
{[%clk 0:16:17]} Bxc5 {[%clk 0:12:47]} 32. dxc5 {[%clk 0:16:43]} Kf7
{[%clk 0:08:37]} 33. f3 {[%clk 0:16:34]} Ne5 {[%clk 0:07:34]} 34. fxe4
{[%clk 0:16:23]} Nd3 {[%clk 0:08:01]} 35. Be3 {[%clk 0:14:14]} Nxb2
{[%clk 0:08:26]} 36. Kf3 {[%clk 0:13:39]} Nc4 {[%clk 0:08:09]} 37. Bc1
{[%clk 0:13:05]} b5 {[%clk 0:06:24]} 38. cxb6 {[%clk 0:13:19]} axb6
{[%clk 0:06:50]} 39. a4 {[%clk 0:08:06]} b5 {[%clk 0:06:40]} 40. axb5
{[%clk 0:08:08]} cxb5 {[%clk 0:07:07]} 41. Ke2 {[%clk 0:08:20]} Ke6
{[%clk 0:06:53]} 42. Kd3 {[%clk 0:08:36]} Ke5 {[%clk 0:06:00]} 43. h4
{[%clk 0:29:12]} Ke6 {[%clk 0:33:03]} 44. g5 {[%clk 0:25:45]} Ne5+
{[%clk 0:28:50]} 45. Kc3 {[%clk 0:25:29]} b4+ {[%clk 0:21:48]} 46. Kb3
{[%clk 0:24:49]} Nd3 {[%clk 0:20:22]} 47. Bd2 {[%clk 0:25:01]} Ke5
{[%clk 0:12:12]} 48. h5 {[%clk 0:24:12]} Nf4 {[%clk 0:12:33]} 49. g6
{[%clk 0:22:23]} h6 {[%clk 0:12:45]} 50. Bxf4+ {[%clk 0:22:21]} Kxf4
{[%clk 0:12:19]} 51. Kxb4 {[%clk 0:22:47]} Kxe4 {[%clk 0:11:02]} 1/2-1/2

[Event "escc2023_50"]
[Site "?"]
[Date "2023.05.31"]
[Round "6.6"]
[White "Van Der Werf, Mark"]
[Black "Lacasa Diaz, Jose Antonio"]
[Result "1/2-1/2"]
[BlackElo "2359"]
[WhiteElo "2396"]
[LiveChessVersion "1.4.8"]

1. d4 {[%clk 1:30:57]} d5 {[%clk 1:30:49]} 2. c4 {[%clk 1:31:21]} e6
{[%clk 1:31:13]} 3. Nf3 {[%clk 1:31:45]} Nf6 {[%clk 1:28:18]} 4. Nc3
{[%clk 1:32:09]} c5 {[%clk 1:28:32]} 5. cxd5 {[%clk 1:32:07]} exd5
{[%clk 1:28:55]} 6. g3 {[%clk 1:30:27]} Nc6 {[%clk 1:29:09]} 7. Bg2
{[%clk 1:30:53]} cxd4 {[%clk 1:28:59]} 8. Nxd4 {[%clk 1:31:19]} Bc5
{[%clk 1:29:21]} 9. Nb3 {[%clk 1:31:22]} Bb6 {[%clk 1:29:41]} 10. O-O
{[%clk 1:31:45]} d4 {[%clk 1:30:00]} 11. Na4 {[%clk 1:32:05]} O-O
{[%clk 1:30:09]} 12. Bg5 {[%clk 1:31:14]} Re8 {[%clk 1:29:51]} 13. Re1
{[%clk 1:27:14]} h6 {[%clk 1:29:31]} 14. Bxf6 {[%clk 1:25:48]} Qxf6
{[%clk 1:29:46]} 15. Nxb6 {[%clk 1:26:13]} axb6 {[%clk 1:30:08]} 16. Bxc6
{[%clk 1:24:49]} bxc6 {[%clk 1:29:00]} 17. Qxd4 {[%clk 1:25:14]} Qd8
{[%clk 1:29:14]} 18. Qxd8 {[%clk 1:12:36]} Rxd8 {[%clk 1:29:12]} 19. Rad1
{[%clk 1:12:05]} Rxd1 {[%clk 1:28:34]} 1/2-1/2

[Event "escc2023_50"]
[Site "?"]
[Date "2023.05.31"]
[Round "6.7"]
[White "Dishman, Stephen"]
[Black "Contin, Daniel"]
[Result "1-0"]
[BlackElo "2231"]
[WhiteElo "2259"]
[LiveChessVersion "1.4.8"]

1. d4 {[%clk 1:30:57]} Nf6 {[%clk 1:27:03]} 2. Nf3 {[%clk 1:31:17]} b6
{[%clk 1:27:05]} 3. Bf4 {[%clk 1:31:31]} Bb7 {[%clk 1:27:02]} 4. e3
{[%clk 1:31:44]} c5 {[%clk 1:27:08]} 5. Be2 {[%clk 1:31:22]} g6 {[%clk 1:27:09]}
6. c4 {[%clk 1:30:45]} cxd4 {[%clk 1:26:34]} 7. exd4 {[%clk 1:30:13]} Bg7
{[%clk 1:26:33]} 8. Nc3 {[%clk 1:29:59]} d5 {[%clk 1:26:35]} 9. Ne5
{[%clk 1:30:03]} O-O {[%clk 1:26:47]} 10. Bf3 {[%clk 1:30:16]} e6
{[%clk 1:24:00]} 11. Bg5 {[%clk 1:30:40]} h6 {[%clk 1:19:55]} 12. Bxf6
{[%clk 1:30:58]} Bxf6 {[%clk 1:20:21]} 13. cxd5 {[%clk 1:31:02]} exd5
{[%clk 1:20:42]} 14. O-O {[%clk 1:31:08]} Na6 {[%clk 1:19:50]} 15. Re1
{[%clk 1:22:44]} Re8 {[%clk 1:19:33]} 16. g3 {[%clk 1:20:50]} Kg7
{[%clk 1:17:25]} 17. Bg2 {[%clk 1:15:32]} Qd6 {[%clk 1:16:27]} 18. f4
{[%clk 1:12:06]} Nc7 {[%clk 1:14:59]} 19. Rc1 {[%clk 1:06:57]} b5
{[%clk 1:14:23]} 20. h4 {[%clk 1:00:17]} h5 {[%clk 1:14:12]} 21. Kh2
{[%clk 0:53:49]} a6 {[%clk 1:12:32]} 22. Rc2 {[%clk 0:47:57]} Rad8
{[%clk 1:10:48]} 23. Ne2 {[%clk 0:45:52]} Re7 {[%clk 0:50:52]} 24. Ng1
{[%clk 0:43:54]} Qb6 {[%clk 0:48:45]} 25. Ngf3 {[%clk 0:41:31]} Ne8
{[%clk 0:49:06]} 26. Ng5 {[%clk 0:35:32]} Nd6 {[%clk 0:46:59]} 27. Qd3
{[%clk 0:31:34]} Ne4 {[%clk 0:40:11]} 28. Bh3 {[%clk 0:27:46]} Bxe5
{[%clk 0:35:58]} 29. fxe5 {[%clk 0:23:03]} f6 {[%clk 0:34:14]} 30. exf6+
{[%clk 0:21:07]} Qxf6 {[%clk 0:34:40]} 31. Rf1 {[%clk 0:21:01]} Qd6
{[%clk 0:34:44]} 32. Qf3 {[%clk 0:19:31]} Nf6 {[%clk 0:29:38]} 33. Qf4
{[%clk 0:10:57]} Bc6 {[%clk 0:25:03]} 34. Qxf6+ {[%clk 0:10:53]} Qxf6
{[%clk 0:25:27]} 35. Rxf6 {[%clk 0:11:18]} Kxf6 {[%clk 0:25:35]} 36. Rxc6+
{[%clk 0:11:44]} Kg7 {[%clk 0:25:56]} 37. Ne6+ {[%clk 0:12:11]} Rxe6
{[%clk 0:26:16]} 38. Bxe6 {[%clk 0:12:17]} 1-0

[Event "escc2023_50"]
[Site "?"]
[Date "2023.05.31"]
[Round "6.8"]
[White "Atalik, Suat"]
[Black "Katzir, Moshe"]
[Result "1-0"]
[BlackElo "2150"]
[WhiteElo "2441"]
[LiveChessVersion "1.4.8"]

1. d4 {[%clk 1:30:55]} d5 {[%clk 1:30:48]} 2. c4 {[%clk 1:30:57]} e6
{[%clk 1:30:44]} 3. Nf3 {[%clk 1:30:59]} h6 {[%clk 1:29:33]} 4. Nc3
{[%clk 1:27:18]} Nf6 {[%clk 1:29:44]} 5. a3 {[%clk 1:27:17]} b6 {[%clk 1:19:32]}
6. cxd5 {[%clk 1:26:16]} exd5 {[%clk 1:19:46]} 7. g3 {[%clk 1:26:26]} Bb7
{[%clk 1:17:42]} 8. Bg2 {[%clk 1:25:53]} a6 {[%clk 1:01:11]} 9. O-O
{[%clk 1:24:50]} Be7 {[%clk 0:56:23]} 10. Nh4 {[%clk 1:20:27]} Qd7
{[%clk 0:47:48]} 11. Qd3 {[%clk 1:15:33]} O-O {[%clk 0:27:28]} 12. Nf5
{[%clk 1:15:02]} Re8 {[%clk 0:20:03]} 13. Bf4 {[%clk 1:09:34]} Bf8
{[%clk 0:18:09]} 14. Rac1 {[%clk 1:01:05]} c5 {[%clk 0:14:56]} 15. Qc2
{[%clk 0:48:16]} Nc6 {[%clk 0:11:07]} 16. dxc5 {[%clk 0:42:32]} bxc5
{[%clk 0:11:07]} 17. Rfd1 {[%clk 0:42:45]} Bc8 {[%clk 0:08:19]} 18. Nxd5
{[%clk 0:42:16]} Nxd5 {[%clk 0:05:55]} 19. Bxd5 {[%clk 0:40:57]} Nd4
{[%clk 0:04:31]} 20. Nxh6+ {[%clk 0:40:02]} gxh6 {[%clk 0:03:36]} 21. Rxd4
{[%clk 0:40:10]} Qf5 {[%clk 0:01:40]} 22. Re4 {[%clk 0:29:11]} Qxd5
{[%clk 0:00:43]} 23. Rxe8 {[%clk 0:29:34]} Bf5 {[%clk 0:00:36]} 24. Qa4
{[%clk 0:23:45]} Rxe8 {[%clk 0:00:33]} 25. Qxe8 {[%clk 0:24:08]} Bh3
{[%clk 0:00:35]} 26. f3 {[%clk 0:23:58]} Bd7 {[%clk 0:00:37]} 27. Qd8
{[%clk 0:19:14]} Qd4+ {[%clk 0:00:45]} 28. Kh1 {[%clk 0:19:39]} Bb5
{[%clk 0:00:34]} 29. Qxd4 {[%clk 0:19:41]} cxd4 {[%clk 0:01:00]} 30. Rc8
{[%clk 0:19:18]} Kg7 {[%clk 0:00:39]} 31. Be5+ {[%clk 0:19:34]} f6
{[%clk 0:01:04]} 32. Bxf6+ {[%clk 0:19:34]} Kxf6 {[%clk 0:01:27]} 33. Rxf8+
{[%clk 0:19:59]} Ke7 {[%clk 0:01:53]} 34. Rf4 {[%clk 0:20:25]} Bxe2
{[%clk 0:02:11]} 35. Re4+ {[%clk 0:20:49]} 1-0